000 00594nam a2200205Ia 4500
003 GCL
008 140319s9999 xx 000 0 eng d
020 _a977427604
040 _aGCL /
_cGCL
082 0 4 _aCC
_b306.85
_bA P
100 1 _aALI, KAMRAN ASDAR
245 1 0 _aPLANNING THE FAMILY IN EGYPT /
_cALI, KAMRAN ASDAR
260 _aالقاهرة :
_bTHE AMERICAN UNIVERSITY IN CAIRO PRESS ،
_c2002
300 _a22 CM ؛
_c221 P
650 0 4 _aFAMILY - EGYPT
650 0 4 _aFAMILY - SOCIAL CONDITION
650 0 4 _aFAMILY - SIZE
650 0 4 _aFAMILY - HISTORY - EGYPT
942 _2ddc
_cBK
999 _c5734
_d5734